| 000 | 01250cam a2200241 4500 | ||
|---|---|---|---|
| 001 | WB3931-13 | ||
| 008 | 030820n2003 000 0 eng u | ||
| 035 | _a(Sirsi) u123310 | ||
| 245 | _aSmall manufacturer orders fall for tenth successive quarter | ||
| 260 | _c2003 | ||
| 490 |
_aCBI News Release _v8 August 2003 (3) |
||
| 520 | _aThe latest CBI quarterly review of small and medium-sized enterprises (SMEs) in manufacturing shows that demand for their products has fallen continuously for two and a half years. Orders fell for the 10th quarter in a row with the smallest firms hit worst. Decline in output was the slowest for a year. SMEs were less optimistic about the business situation than three months ago. Job cutting has continued among SMEs at a slightly faster rate. Average costs rose at their fastest rate for two years while prices continued to fall at a sharp rate. http://www.cbi.org.uk/ndbs/press.nsf/0363c1f07c6ca12a8025671c00381cc7/1f1db364c129459180256d78003b2811?OpenDocument | ||
| 590 | _aWB | ||
| 650 | _aMANUFACTURING COMPANIES | ||
| 650 | _aSMES | ||
| 650 | _aECONOMIC OUTLOOK | ||
| 650 | _aCBI SURVEY | ||
| 650 | _aCOSTS | ||
| 650 | _aOUTPUT | ||
| 650 | _aORDERS | ||
| 690 | _aECONOMIC ISSUES | ||
| 942 | _n0 | ||
| 999 |
_c73246 _d73246 |
||